000 00274nam a2200121Ia 4500
008 190216s9999||||xx |||||||||||||| ||und||
100 _aNair S K
245 0 _aSachiva Prathinja
260 _bPoorna Pubs Kozhikode
_c1988
300 _a109
650 _aNadakam
942 _cBK
999 _c28221
_d28221